| 000 | 00533nam a2200193Ia 4500 | ||
|---|---|---|---|
| 003 | GCL | ||
| 008 | 140319s9999 xx 000 0 eng d | ||
| 020 | _a1564322211 | ||
| 040 |
_aGCL / _cGCL |
||
| 082 | 0 | 4 |
_a323.352 _bH S |
| 245 | 1 | 0 |
_aTHE SCARS OF DEATH : _bCHILDREN ABDUCTED BY THE LORD'S RESISTANCE ARMY |
| 260 |
_aنيويورك : _bHUMAN RIGHTS WATCH ، _c1997 |
||
| 300 |
_a23 CM ؛ _c137 P |
||
| 650 | 0 | 4 | _aHUMAN RIGHTS |
| 650 | 0 | 4 | _aHUMANISM |
| 650 | 0 | 4 | _aCHILDREN'S RIGHTS |
| 650 | 0 | 4 | _aHUMAN SERVICES |
| 942 |
_2ddc _cBK |
||
| 999 |
_c1564 _d1564 |
||